Statistics for All-Time Walks Leader Major League Baseball

Click here to take the quiz!

General Stats

  • This quiz has been taken 140 times
  • The average score is 5 of 10

Answer Stats

Number of WalksAnswer% Correct
2,558Barry Bonds
94%
2,062Babe Ruth
87%
2,021Ted Williams
74%
1,733Mickey Mantle
59%
2,190Rickey Henderson
57%
1,747Jim Thome
35%
1,667Frank Thomas
33%
1,845Carl Yastrzemski
30%
1,865Joe Morgan
25%
1,708Mel Ott
16%

Score Distribution

Percentile by Number Answered

Percent of People with Each Score

Your Score History

You have not taken this quiz